000 00750cam a22002537a 4500
003 CHAP
005 20220329134929.0
008 971013s1963 r 00010 d
010 _a28247
011 _a29219
035 _a33330
040 _cCHAP
082 _a591.0724
_bL3
100 0 0 _aLane-Petter, W.
_964720
245 0 _aAnimal for research
_b: principles of breeding and a management
260 _aLondon :
_bAcademic Press,
_c1963
300 _a531 p.
_b: ilus.
590 _aBATCH-UPD
_b10
_c20130109
_lUCH01
_h2354
590 _aCONVERSION
_b10
_c20130109
_lUCH01
_h1316
650 1 4 _aAnimales de laboratorio.
_95880
901 _aBK
942 _cLIBRO
949 _a591.0724 L3
_bBC
_cLIBRO
_d33724000371977
_eLIBRO
_h31770
_i33330
_si
_t218.75
999 _c28247
_d28247